000
00321nam a22001337a 4500
005
20231218111539.0
008
231218b ||||| |||| 00| 0 eng d
040
_c
AL
041
_a
English
082
_2
23
_a
510
_b
SIDT
100
_a
Siddappa and others
_9
146281
245
_a
Text book of Mathematics
942
_2
ddc
_c
BK
999
_c
229513
_d
229513